Leeds United Squad 2021-2022 - Statistics

General Stats
  • This quiz has been taken 242 times
    147 since last reset
  • The average score is 18 of 24
Answer Stats
# Position Nation Player % Correct
1 GK France Illan Meslier
95%
9 FW England Patrick Bamford
88%
10 FW Brazil Raphinha
88%
2 DF England Luke Ayling
87%
19 FW Spain Rodrigo Moreno
87%
20 FW Wales Daniel James
85%
5 DF Germany Robin Koch
84%
14 DF Spain Diego Llorente
82%
43 MF Poland Mateusz Klich
82%
- Coach Argentina Marcelo Bielsa
81%
6 DF Scotland Liam Cooper
80%
15 DF Northern Ireland Stuart Dallas
79%
21 DF Netherlands Pascal Struijk
78%
- Coach United States Jesse Marsch
77%
23 MF England Kalvin Phillips
77%
3 DF Spain Junior Firpo
72%
22 FW England Jack Harrison
69%
11 FW Wales Tyler Roberts
68%
30 FW England Joe Gelhardt
65%
38 FW Netherlands Crysencio Summerville
63%
4 MF England Adam Forshaw
60%
13 GK Norway Kristoffer Klaesson
48%
46 MF England Jamie Shackleton
41%
37 DF England Cody Drameh
30%
No matching quizzes found
Score Distribution
Percent of People with Each Score
Percentile by Number Answered
Your Score History
You have not taken this quiz since the last reset